Superficies les plus proches de la France - Statistiques

Statistiques générales
  • Ce quiz a été pris 247 fois
    246 depuis la dernière actualisation
  • Le résultat moyen est 12 sur 20
Statistiques - réponses
Superficie Différence avec la France Pays % Correct
510 000 km² - 131 084 km² Espagne
92%
576 604 km² - 64 480 km² Ukraine
76%
513 120 km² - 127 964 km² Thaïlande
67%
783 562 km² + 142 478 km² Turquie
67%
580 367 km² - 60 717 km² Kenya
65%
652 090 km² + 11 006 km² Afghanistan
60%
676 578 km² + 35 494 km² Birmanie
58%
752 612 km² + 111 528 km² Zambie
58%
475 442 km² - 165 642 km² Cameroun
57%
622 984 km² - 18 100 km² République centrafricaine
56%
637 657 km² - 3 427 km² Somalie
56%
796 095 km² - 152 984 km² Turkménistan
56%
756 102 km² + 115 018 km² Chili
54%
582 000 km² - 59 084 km² Botswana
53%
587 041 km² - 54 043 km² Madagascar
53%
796 095 km² + 155 011 km² Pakistan
52%
644 329 km² + 3 245 km² Soudan du Sud
52%
527 968 km² - 113 116 km² Yémen
51%
801 590 km² + 160 506 km² Mozambique
49%
462 840 km² - 178 244 km² Papouasie Nouvelle-Guinée
40%
Aucun quiz correspondant
Distribution des résultats
% des personnes avec chaque résultat
Percentile par nombre de réponses
Votre historique - résultats
Vous n’avez pas pris ce quiz depuis la dernière actualisation